| 000 | 01024nam a2200229Ii 4500 | ||
|---|---|---|---|
| 003 | JO-AjNU | ||
| 008 | 230605s9999||||xx |||||||||||||| ||und|| | ||
| 017 | _a41153 | ||
| 020 | _a978-9957-07-981-9 | ||
| 040 |
_aJO-AjNU _bara _erda _cJO-AjNU |
||
| 041 | _aara | ||
| 050 | 1 | 4 | _aLC4015.R326 2012 |
| 100 | 3 |
_aالربعي، محمد بن عبد العزيز مؤلف/عبد الحميد، عبد الحميد صبري م.مشارك, _eauthor _943039 |
|
| 245 | 0 | 0 | _aمناهج و إستراتيجيات تدريس ذوي الإحتياجات الخاصة : أسس نظرية ونماذج تطبيقية في اللغة العربية والدراسات الإجتماعية |
| 250 | _aط1 | ||
| 264 | 3 | 1 | _aعمان:دار الفكر،2012 |
| 300 | _a256ص | ||
| 336 |
_atext _btxt _2rdacontent |
||
| 337 |
_aunmediated _bn _2rdamedia |
||
| 338 |
_avolume _bnc _2rdacarrier |
||
| 650 | 4 |
_aالفئات الخاصة-التعليم الخاص-مناهج. العلوم الاجتماعية-دراسة وتعليم _943040 |
|
| 999 |
_aA18474 _c22042 _d22042 |
||